000 00693nam a2200253Ia 4500
001 5521
005 20240113233836.0
007 ta
008 050621s 199 g b000 u eng u
020 _a02-946568-0
040 _aCotton College Assam
041 _aeng
082 _a615
_bGi 37 Ph
100 _aGilman, Alfred Goodman .
245 0 _aThe Pharmacological Basis of Therapeutics Vol 2 /
_cAlfred Goodman Gilman...(et al).
_hTextual Documents
250 _a8th ed /
260 _aNew York :
_bPergamon Press ,
_cC 1991.
300 _ax, 1811p. ;
_c24cm..
504 _aIndex
653 _aPharmacology
942 _2ddc
_cBK
999 _c5508
_d5508